000 00547nam a22002051c 4500
001 a987689524
008 991231s2017 gw |||| 000u fre d
020 _a9782262065379
_9978-2-262-06537-9
041 _afre
100 1 _aCourtois, Stéphane
245 0 0 _aLénine, l'inventeur du totalitarisme /
_cStéphane Courtois
264 _aParis :
_bPerrin,
_c2017
300 _a498 Seiten
600 0 _aLenin, Vladimir Il'ič
650 0 _aTotalitarismus
651 0 _aSowjetunion
942 _cMG
040 _cRU-10907106
003 RU-10907106
999 _c48546
_d48546